Laporan imbangan pembayaran suku tahunan Malaysia : Quartely balance of payments report Malaysia (Record no. 54182)

MARC details
000 -LEADER
fixed length control field 00861nam a2200253 i 4500
001 - CONTROL NUMBER
control field C2-0238872
003 - CONTROL NUMBER IDENTIFIER
control field PPAK
005 - DATE AND TIME OF LATEST TRANSACTION
control field 20210202042409.0
008 - FIXED-LENGTH DATA ELEMENTS--GENERAL INFORMATION
fixed length control field 020430s my |||| ||||| | may d
022 ## - INTERNATIONAL STANDARD SERIAL NUMBER
International Standard Serial Number 1394-6463
040 ## - CATALOGING SOURCE
Original cataloging agency PPAK
Language of cataloging eng
Transcribing agency PPAK
Description conventions rda
082 04 - DEWEY DECIMAL CLASSIFICATION NUMBER
Classification number 657.74021
Edition number 23
090 00 - LOCALLY ASSIGNED LC-TYPE CALL NUMBER (OCLC); LOCAL CALL NUMBER (RLIN)
Classification number (OCLC) (R) ; Classification number, CALL (RLIN) (NR) 657.74021
Feature heading MAL
Feature heading R
110 2# - MAIN ENTRY--CORPORATE NAME
Corporate name or jurisdiction name as entry element Malaysia, Jabatan Perangkaan Malaysia
245 00 - TITLE STATEMENT
Title Laporan imbangan pembayaran suku tahunan Malaysia : Quartely balance of payments report Malaysia
Remainder of title Suku tahun keempat 2001 : Fourth quarter 2001
264 #1 - PRODUCTION, PUBLICATION, DISTRIBUTION, MANUFACTURE, AND COPYRIGHT NOTICE
Place of production, publication, distribution, manufacture Kuala Lumpur :
Name of producer, publisher, distributor, manufacturer Jabatan Perangkaan Malaysia ,
Date of production, publication, distribution, manufacture, or copyright notice April 2002
300 ## - PHYSICAL DESCRIPTION
Dimensions 29 cm
Extent j.
Other physical details il.
336 ## - CONTENT TYPE
Source rdacontent
Content type term text
337 ## - MEDIA TYPE
Source rdamedia
Media type term unmediated
338 ## - CARRIER TYPE
Source rdacarrier
Carrier type term volume
650 10 - SUBJECT ADDED ENTRY--TOPICAL TERM
Topical term or geographic name entry element Accounting - Periodicals
710 2# - ADDED ENTRY--CORPORATE NAME
Corporate name or jurisdiction name as entry element Malaysia, Jabatan Perangkaan Malaysia
Relator term organizer
942 ## - ADDED ENTRY ELEMENTS (KOHA)
Koha item type Book
Source of classification or shelving scheme Dewey Decimal Classification
Holdings
Withdrawn Not for loan Current library Shelving location Date acquired Full call number Barcode Date last seen Koha item type
  Not For Loan Perpustakaan Alor Setar Rujukan Dewasa 30/04/2002 R 657.74021 MAL A00115831 08/05/2018 Book